Giovanni Miccoli, Le pontificat de Jean Paul II , Un gouvernement contrasté. Trad. de l’italien par C. de Paepe et P. Gilbert. Lessius, 2012, 480 pages, 29,50 € (notice n° 2056380)

détails MARC
000 -LEADER
fixed length control field 00905cam a2200157 4500500
005 - DATE AND TIME OF LATEST TRANSACTION
control field 20260405002310.0
041 ## - LANGUAGE CODE
Language code of text/sound track or separate title fre
042 ## - AUTHENTICATION CODE
Authentication code dc
100 10 - MAIN ENTRY--PERSONAL NAME
Personal name Vallin, Pierre
Relator term author
245 00 - TITLE STATEMENT
Title Giovanni Miccoli, Le pontificat de Jean Paul II , Un gouvernement contrasté. Trad. de l’italien par C. de Paepe et P. Gilbert. Lessius, 2012, 480 pages, 29,50 €
260 ## - PUBLICATION, DISTRIBUTION, ETC.
Date of publication, distribution, etc. 2012.<br/>
500 ## - GENERAL NOTE
General note 41
520 ## - SUMMARY, ETC.
Summary, etc. RésuméRevenir sur Tintin au Congo (1931) quatre-vingt ans après sa parution, est intéressant non seulement pour interroger le regard que pouvaient porter dans les années 30 les sociétés européennes sur l’Afrique et les Africains, mais aussi pour comprendre les controverses récentes concernant cette œuvre.
786 0# - DATA SOURCE ENTRY
Note Études | 417 | 7 | 2012-07-01 | p. XLII-XLII | 0014-1941
856 41 - ELECTRONIC LOCATION AND ACCESS
Uniform Resource Identifier <a href="https://shs.cairn.info/revue-etudes-2012-7-page-XLII?lang=fr&redirect-ssocas=7080">https://shs.cairn.info/revue-etudes-2012-7-page-XLII?lang=fr&redirect-ssocas=7080</a>

Pas d'exemplaire disponible.

PLUDOC

PLUDOC est la plateforme unique et centralisée de gestion des bibliothèques physiques et numériques de Guinée administré par le CEDUST. Elle est la plus grande base de données de ressources documentaires pour les Étudiants, Enseignants chercheurs et Chercheurs de Guinée.

Adresse

627 919 101/664 919 101

25 boulevard du commerce
Kaloum, Conakry, Guinée

Réseaux sociaux

Powered by Netsen Group @ 2025